[Event "IV ch-IberoAmerican Final GpB"]
[Site "Quito ECU"]
[Date "2012.04.19"]
[Round "1.3"]
[White "Gonzalez,Be CRC"]
[Black "De la Riva Aguado,O"]
[Result "1-0"]
[WhiteElo "2427"]
[BlackElo "2545"]

1.d4 f5 2.g3 Nf6 3.Bg2 g6 4.c4 Bg7 5.Nf3 O-O 6.O-O d6 7.Nc3 c6 8.d5 Bd7 9.Rb1 Na6
10.Nd4 Qe8 11.e4 fxe4 12.Nxe4 Nxe4 13.Bxe4 Nc7 14.Be3 c5 15.Ne2 b5 16.b3 Qf7
17.Nf4 a5 18.Ne6 Nxe6 19.dxe6 Bxe6 20.Bxa8 Rxa8 21.cxb5 Bh3 22.Qe2 Bxf1 23.Qxf1 Kh8
24.Qg2 Rb8 25.a4 Qf5 26.Rd1 Rf8 27.Qb7 Qe6 28.Rb1 Qf5 29.Rd1 Qe6 30.Rb1 Qf5
31.Rf1 Qe6 32.Qc7 Bc3 33.b6 Rc8 34.Qa7 Qxb3 35.Bg5 Be5 36.Qxe7 Kg8 37.Bf6 Qf7
38.Qxf7+ Kxf7 39.Bxe5 dxe5 40.Rc1 Ke6 41.b7 Rb8 42.Rxc5 Rxb7 43.Rxa5 Rb1+
44.Kg2 h5 45.Rb5 Ra1 46.Rb4 Kf5 47.h3 Ra2 48.g4+ hxg4 49.hxg4+ Kg5 50.Kg3 Ra3+
51.f3 Ra2 52.Re4 Kf6 53.f4 exf4+ 54.Kxf4 Rf2+ 55.Ke3 Ra2 56.Kd3 Kg5 57.Kc3 Kh4
58.Kb4 Rb2+ 59.Kc5 Rb8 60.a5 Rc8+ 61.Kb6 Rb8+ 62.Kc6 Rb1 63.a6 Ra1 64.Kb6 g5
65.a7 Kg3 66.Rb4  1-0

[Event "TCh-CZE Extraliga 2011-12"]
[Site "Czech Republic CZE"]
[Date "2012.04.20"]
[Round "9.1"]
[White "Babula,V"]
[Black "Swiercz,D"]
[Result "1/2-1/2"]
[WhiteElo "2572"]
[BlackElo "2585"]

1.d4 f5 2.g3 Nf6 3.Bg2 g6 4.Nf3 Bg7 5.O-O O-O 6.c4 d6 7.Nc3 Qe8 8.d5 a5 9.Nd4 Na6
10.b3 Bd7 11.Bb2 Nc5 12.Qc2 c6 13.e3 Rc8 14.Rad1 Qf7 15.Rd2 Kh8 16.Rfd1 Nce4
17.Nxe4 fxe4 18.Ne6 Bxe6 19.dxe6 Qxe6 20.Bxf6 Qxf6 21.Qxe4  1/2-1/2

[Event "MMM Open 2012"]
[Site "Krakow POL"]
[Date "2012.04.29"]
[Round "1.5"]
[White "Bus,Konrad"]
[Black "Jakubiec,E"]
[Result "1/2-1/2"]
[WhiteElo "1994"]
[BlackElo "2225"]

1.d4 f5 2.c4 Nf6 3.g3 g6 4.Nf3 Bg7 5.Bg2 O-O 6.O-O d6 7.Nc3 e6 8.b3 e5 9.dxe5 Ng4
10.Bb2 Nxe5 11.Qd2 Nbc6 12.Rad1 Nf7 13.Nd5 Nce5 14.Nxe5 Bxe5 15.f4 Bxb2 16.Qxb2 Nh6
17.Rfe1 c6 18.Nc3 Qb6+ 19.e3 Nf7 20.Kh1 a5 21.e4 a4 22.Qa3 Qc7 23.bxa4 Re8
24.c5 dxc5 25.Qxc5 Qa5 26.Qxa5 Rxa5 27.e5 Rc5 28.Re3 Rd8 29.Bf3 Kf8 30.Rxd8+ Nxd8
31.Bd1 Rc4 32.Rd3 Ke7 33.Bb3 Rb4 34.Kg2 Ne6 35.Ne2 h6 36.h4 Re4 37.Kf2 Bd7
38.Re3 Rb4 39.a3 Rb6 40.Rc3 Nc5 41.Bc2 Ne6 42.h5 gxh5 43.Bxf5 Nxf4 44.gxf4 Bxf5
45.Nd4 Rb2+ 46.Kg3 h4+ 47.Kf3 Bh3 48.f5 Bg2+ 49.Kg4 h3 50.f6+ Kf7 51.Re3 h2
52.e6+ Kxf6 53.e7 h5+ 54.Kf4 Rf2+ 55.Kg3 h1=Q 56.Re6+ Kg7 57.e8=Q Rf3+ 58.Nxf3 Qh3+
59.Kf2 Qxf3+ 60.Ke1 Qc3+ 61.Kf2 Qf3+ 62.Ke1 Qc3+ 63.Kf2  1/2-1/2

[Event "MMM Open 2012"]
[Site "Krakow POL"]
[Date "2012.04.29"]
[Round "1.1"]
[White "Bednarczyk,D"]
[Black "Jakubiec,A"]
[Result "0-1"]
[WhiteElo "2021"]
[BlackElo "2521"]

1.d4 f5 2.Nf3 Nf6 3.g3 g6 4.Bg2 Bg7 5.O-O O-O 6.c4 d6 7.Nc3 Qe8 8.Bd2 c6
9.Qb3 Kh8 10.Rfe1 e5 11.e4 f4 12.gxf4 Nh5 13.fxe5 dxe5 14.Nxe5 c5 15.Nd5 cxd4
16.Nd3 Qf7 17.f4 Nc6 18.Rf1 Be6 19.Rae1 Rad8 20.a3 b6 21.Qa4 Bd7 22.Qc2 Rc8
23.b4 b5 24.Nc5 bxc4 25.Qxc4 Ne7 26.Nb6 axb6 27.Qxf7 Rxf7 28.Nxd7 Rc2 29.Rd1 Nc8
30.Ne5 Rf8 31.Bc1 g5 32.Nd3 gxf4 33.Nxf4 Nxf4 34.Bxf4 Ne7 35.Bg3 Rd8 36.Bh4 Re8
37.Bf2 Rg8 38.Rxd4 Rxf2 39.Kxf2 Bxd4+ 40.Kf3 Ra8 41.Rd1 Rxa3+ 42.Kg4 Be5  0-1

[Event "MMM Open 2012"]
[Site "Krakow POL"]
[Date "2012.05.03"]
[Round "5.1"]
[White "Shishkin,Va UKR"]
[Black "Jakubiec,A"]
[Result "0-1"]
[WhiteElo "2492"]
[BlackElo "2521"]

1.d4 f5 2.g3 Nf6 3.Bg2 g6 4.Nf3 Bg7 5.O-O O-O 6.c4 d6 7.Nc3 c6 8.b3 Qa5 9.Bb2 e5
10.Qd2 Qc7 11.d5 e4 12.Nd4 Re8 13.Rad1 Na6 14.dxc6 bxc6 15.Nc2 Re6 16.f3 Qb6+
17.Kh1 e3 18.Qc1 Bb7 19.Rd3 Rae8 20.Nd1 Bh6 21.Ndxe3 Nc5 22.Rdd1 Ncd7 23.f4 Ne4
24.g4 Qd8 25.g5 Bf8 26.Nd4 R6e7 27.Ndxf5 gxf5 28.Nxf5 c5 29.Nxe7+ Qxe7 30.f5 Nb6
31.f6 Qf7 32.Qf4 d5 33.Qf5 d4 34.Rd3 Bd6 35.Bc1 Nd7 36.Bf4 Bxf4 37.Qxf4 Nf8
38.Qg4 Ng6 39.Qh5 Re5 40.h4 Nxf6 41.Bxb7 Nxh5 42.Bd5 Ngf4 43.Bxf7+ Kxf7 44.Rdf3 Re4
45.Kg1 Ke6 46.Re1 Ng6 47.Kf2 Rxh4 48.a3 Nhf4 49.b4 Ne5 50.Rg3 Rh2+ 51.Kg1 Rxe2
52.Kf1 Rc2 53.bxc5 Kf5 54.Rb3 Nxc4 55.Rb7 Ne3+ 56.Kg1 Nh3+ 57.Kh1 Ng4  0-1

[Event "Serbia Cup Final 2012"]
[Site "Kragujevac SRB"]
[Date "2012.05.14"]
[Round "1"]
[White "Pecelj,N"]
[Black "Milosevic,Sla"]
[Result "0-1"]
[WhiteElo "2165"]
[BlackElo "2254"]

1.Nf3 f5 2.d4 Nf6 3.g3 g6 4.Bg2 Bg7 5.O-O O-O 6.c4 d6 7.Nc3 Nc6 8.d5 Ne5
9.Nxe5 dxe5 10.e4 f4 11.gxf4 Nh5 12.f5 Nf4 13.Bxf4 exf4 14.Qd2 Be5 15.Rad1 gxf5
16.Bf3 Qd6 17.Rfe1 Kh8 18.Kh1 Qh6 19.exf5 Rxf5 20.c5 Qh3 21.Qe2 Qh4 22.d6 exd6
23.cxd6 cxd6 24.Nb5 Rh5 25.Bxh5 f3 26.Qxe5+ dxe5 27.Rxe5 Bg4 28.Bxg4 Qxg4
29.Rg1 Qf4 30.Nd6 Rg8 31.Rxg8+ Kxg8 32.Re8+ Kg7 33.Re7+ Kg6 34.Re6+ Kh5 35.h4 Qxh4+  0-1

[Event "21st CRO-Cup"]
[Site "Sibenik CRO"]
[Date "2012.05.19"]
[Round "5.84"]
[White "Bockaj,I"]
[Black "Brenc,T"]
[Result "0-1"]
[WhiteElo "1929"]
[BlackElo "2045"]

1.d4 f5 2.g3 Nf6 3.Nf3 g6 4.Bg2 Bg7 5.O-O O-O 6.c4 d6 7.Nc3 Qe8 8.Nb5 Na6
9.Bf4 c6 10.Nc3 h6 11.a3 g5 12.Bd2 e5 13.dxe5 dxe5 14.e3 Nc5 15.Qc2 Ng4 16.h3 Nf6
17.b4 Nce4 18.Nxe4 Nxe4 19.Rad1 Be6 20.Bc3 Qf7 21.Bb2 Bxc4 22.Qc1 Bxf1 23.Bxf1 Qe7
24.Qc4+ Kh8 25.g4 Rad8 26.Rxd8 Rxd8 27.gxf5 Nd2 28.Nxd2 Rxd2 29.Bc3 Rd6 30.e4 h5
31.Qe2 Qf7 32.Bd2 Bf6 33.Be3 b6 34.Bg2 Rd8 35.Bf3 g4 36.hxg4 Rg8 37.Qf1 Qg7
38.Be2 hxg4  0-1

[Event "ch-UZB Major w 2012"]
[Site "Tashkent UZB"]
[Date "2012.05.19"]
[Round "3"]
[White "Kurbonboeva,Sarvinoz"]
[Black "Sabirova,O"]
[Result "1-0"]
[WhiteElo "2199"]
[BlackElo "2151"]

1.d4 f5 2.g3 g6 3.Bg2 Nf6 4.Nf3 Bg7 5.c4 O-O 6.O-O d6 7.Nc3 c6 8.b3 Na6 9.Bb2 Qc7
10.d5 e5 11.dxe6 Bxe6 12.Nd4 Bf7 13.Qd2 Rad8 14.Rad1 d5 15.cxd5 Nxd5 16.Qc1 Rfe8
17.Nxd5 Bxd5 18.Nb5 Qe7 19.Bxd5+ cxd5 20.Bxg7 Qxg7 21.Rfe1 b6 22.Qa3 Nc5
23.b4 Ne4 24.Qxa7 Qxa7 25.Nxa7 Ra8 26.Nb5 Rxa2 27.Nc7 Rc8 28.Nxd5 Rcc2 29.f3 Ng5
30.Kf2 Rcb2 31.Rb1 Ne6 32.Nxb6 Nd4 33.Rxb2 Rxb2 34.Nd5 Nc2 35.Rc1 Nxb4 36.Rc8+ Kf7
37.Rc7+ Ke6 38.Nxb4 Rxb4 39.Rxh7 Rb3 40.Ra7 Kf6 41.Ra6+ Kg5 42.h4+ Kh5 43.Ra5 Kh6
44.Re5 Kg7 45.Re6 Rb2 46.g4 fxg4 47.fxg4 Rb4 48.Kf3 Rb3+ 49.Kf4 Kf7 50.Ra6 Rb5
51.e4 Rc5 52.Rd6 Rc1 53.Kg5 Re1 54.Rf6+ Ke7 55.Rf4 Rh1 56.h5 gxh5 57.gxh5 Rg1+
58.Rg4 Rh1 59.Kg6 Kf8 60.h6 Kg8 61.e5 Re1 62.Kf6+ Kh7 63.Rh4 Kg8 64.e6 Rf1+
65.Ke7 Re1 66.Kd7 Ra1 67.Rg4+ Kh7 68.e7 Rd1+ 69.Ke8  1-0

[Event "21st CRO-Cup"]
[Site "Sibenik CRO"]
[Date "2012.05.20"]
[Round "6.52"]
[White "Petrov,J"]
[Black "Kaps,D"]
[Result "0-1"]
[WhiteElo "2423"]
[BlackElo "2224"]

1.Nf3 f5 2.g3 Nf6 3.Bg2 g6 4.d4 Bg7 5.c4 O-O 6.O-O d6 7.Nc3 Qe8 8.d5 Na6
9.Nd4 Bd7 10.Rb1 c6 11.b3 Nc7 12.Bb2 Rb8 13.b4 cxd5 14.cxd5 Qf7 15.Qb3 g5
16.Rbd1 f4 17.Ne4 Qg6 18.Nxf6+ Bxf6 19.Ba1 Nb5 20.Nxb5 Bxb5 21.Bxf6 Qxf6
22.Bf3 Rbc8 23.Rc1 fxg3 24.Qe3 gxf2+ 25.Rxf2 Rxc1+ 26.Qxc1 Kh8 27.Rg2 h6
28.Kh1 Bd7 29.Rg1 Rc8 30.Qe3 b6 31.Rf1 Bh3 32.Bg2 Bxg2+ 33.Kxg2 Qe5 34.Rf3 Rc3
35.Qd2 Rxf3 36.exf3 Kg7 37.a3 h5 38.Qd3 h4 39.Kh3 Kf6 40.Kg4 Qf4+ 41.Kh5 Qf5
42.Qc3+ Kf7 43.Qc4 h3 44.Qf1 g4+ 45.Kh4 Qf4 46.Qb1 gxf3+ 47.Kxh3 Kf6 48.Qe1 Qf5+
49.Kh4 Qxd5 50.Qe3 Qf5  0-1

[Event "4th GM POL-UKR Rapid Match"]
[Site "Lublin POL"]
[Date "2012.05.29"]
[Round "4"]
[White "Korobov,A"]
[Black "Bartel,Mat"]
[Result "1-0"]
[WhiteElo "2678"]
[BlackElo "2677"]

1.d4 f5 2.g3 Nf6 3.Bg2 g6 4.Nf3 Bg7 5.c4 O-O 6.O-O c6 7.Nc3 d6 8.b3 Qa5 9.Bb2 e5
10.dxe5 dxe5 11.e4 f4 12.Qd6 Ne8 13.Qd2 Bg4 14.h3 Bxf3 15.Bxf3 Na6 16.Rad1 Nac7
17.Na4 Qxd2 18.Rxd2 Ne6 19.Kg2 Rf7 20.Rfd1 fxg3 21.fxg3 Nd4 22.Bxd4 exd4
23.Nc5 Re7 24.e5 Bxe5 25.Nxb7 Rxb7 26.Bxc6 Rbb8 27.Re2 Bg7 28.Bd5+ Kf8 29.Rf1+ Nf6
30.Re6 Re8 31.Rfxf6+ Bxf6 32.Rxf6+ Ke7 33.Rf7+ Kd6 34.Bxa8 Rxa8 35.Kf3 Re8
36.Rxa7 Re3+ 37.Kf2 Rc3 38.Ra5 Rc2+ 39.Kf3 Rc3+ 40.Kf4 Kc6 41.Rd5 Rd3 42.h4  1-0

[Event "5th Mayors Cup 2012"]
[Site "Mumbai IND"]
[Date "2012.06.09"]
[Round "4.21"]
[White "Abhishek,K"]
[Black "Sriram,J"]
[Result "1/2-1/2"]
[WhiteElo "2134"]
[BlackElo "2436"]

1.d4 f5 2.Nf3 Nf6 3.g3 g6 4.Bg2 Bg7 5.c4 O-O 6.O-O d6 7.b3 e5 8.Nc3 e4 9.Ne1 c6
10.Nc2 d5 11.Ne3 Be6 12.Ba3 Rf7 13.Rc1 Na6 14.Qd2 Bh6 15.cxd5 Nxd5 16.Ncxd5 cxd5
17.f4 g5 18.Bh3 gxf4 19.Ng2 e3 20.Qd3 fxg3 21.hxg3 Qa5 22.Bd6 Qd2 23.Qxd2 exd2
24.Rcd1 Rc8 25.Bf4 Bg7 26.Rxd2 Nb4 27.e3 Rc3 28.Ne1 Bd7 29.a3 Nc6 30.Rd3 Rc1
31.Nf3 Rc2 32.Bg2 Ne7 33.a4 b5 34.Ne5 Bxe5 35.Bxe5 bxa4 36.bxa4 Bxa4 37.Rb1 Bc6
38.Ra3 Ng6 39.Rb8+ Rf8 40.Rxf8+ Kxf8 41.Bd6+ Kf7 42.Rxa7+ Ke6 43.Bb4 Re2
44.Ra6 Kd7 45.Ra7+ Ke6 46.Ra6 Kd7 47.Ra3 Ke6 48.Bc5 Bb5 49.Rb3 Bc4 50.Rb6+ Kf7
51.Rd6 Rxe3 52.Bxd5+ Bxd5 53.Rxd5 Rxg3+ 54.Kf2 Rg2+ 55.Kf1 Rg5 56.Rd7+ Ke6
57.Rd6+ Kf7 58.Rd7+ Ke6 59.Rd6+ Kf7 60.Rd7+ Ke6  1/2-1/2

[Event "3rd Forni di Sopra Open"]
[Site "Forni di Sopra ITA"]
[Date "2012.06.17"]
[Round "2.15"]
[White "Tregubov,P"]
[Black "Andersen,AlfR"]
[Result "1/2-1/2"]
[WhiteElo "2596"]
[BlackElo "2199"]

1.d4 f5 2.g3 Nf6 3.Bg2 g6 4.Nf3 Bg7 5.O-O O-O 6.c4 d6 7.Nc3 Qe8 8.Nd5 Nxd5
9.cxd5 Nd7 10.Ng5 Nf6 11.Qb3 Rb8 12.Bd2 h6 13.Ne6 Bxe6 14.dxe6 c6 15.Rac1 g5
16.Qd3 Qg6 17.d5 Nxd5 18.Bxd5 cxd5 19.Qxd5 Bxb2 20.Rc7 Bf6 21.Rfc1 a6 22.Bb4 Kh8
23.Rxb7 Rxb7 24.Qxb7 f4 25.g4 Qg8 26.Qd7 Qg6 27.f3 h5 28.gxh5 Qxh5 29.Bc3 Bxc3
30.Rxc3 Qh7 31.Qb7 Rg8 32.Rc7 g4 33.Qb2+ Qg7 34.Qxg7+ Kxg7 35.fxg4 Kf6 36.h3 Kxe6
37.Ra7 Rc8 38.Kf2 Rc3 39.h4 Rg3 40.g5 Rg4 41.Kf3 Rxh4 42.g6 Kf6 43.g7 Kxg7
44.Rxe7+ Kf6 45.Re4 Rh3+ 46.Kxf4 Ra3 47.Rd4 Rxa2 48.Rxd6+  1/2-1/2

[Event "40th TCh-GRE 2012"]
[Site "Achaea GRE"]
[Date "2012.06.30"]
[Round "1.13"]
[White "Prohaszka,P2"]
[Black "Berelowitsch,A"]
[Result "1/2-1/2"]
[WhiteElo "2554"]
[BlackElo "2584"]

1.d4 f5 2.Nf3 Nf6 3.g3 g6 4.Bg2 Bg7 5.c4 O-O 6.O-O d6 7.Nc3 Qe8 8.Re1 e5
9.e4 Nc6 10.dxe5 dxe5 11.exf5 Bxf5 12.Qb3 e4 13.Qxb7 Rf7 14.Ng5 Rb8 15.Qa6 Nb4
16.Qxa7 Re7 17.Be3 Ra8 18.Qb7 Rb8 19.Qa7 Ra8 20.Qb7 Rb8 21.Qa7  1/2-1/2

[Event "XXI Adolf Anderssen Mem Prelim"]
[Site "Wroclaw POL"]
[Date "2012.06.30"]
[Round "2"]
[White "Piorun,K"]
[Black "Szromba,K"]
[Result "1/2-1/2"]
[WhiteElo "2488"]
[BlackElo "2182"]

1.c4 f5 2.g3 Nf6 3.Nf3 g6 4.Bg2 Bg7 5.d4 O-O 6.O-O d6 7.Nc3 Qe8 8.Re1 Qf7
9.e4 Nxe4 10.Nxe4 fxe4 11.Rxe4 Bf5 12.Rh4 Qxc4 13.Ng5 h6 14.b3 Qb5 15.a4 Qe8
16.Bxb7 hxg5 17.Bxg5 Nd7 18.Bd5+ e6 19.Bc6 e5 20.g4 Be6 21.d5 Bf7 22.Rc1 e4
23.Qd2 Rd8 24.Bh6 Qe5 25.Bxg7 Kxg7 26.Bxd7 Rxd7 27.g5 Kg8 28.Rc3 e3 29.Qxe3 Qxe3
30.Rxe3 Bxd5 31.Reh3 Kf7 32.Rh7+ Ke8 33.Re3+ Kd8 34.Rh6 Bf7 35.f4 Re7 36.Rg3 Rfe8
37.h4 Re1+ 38.Kh2 R8e2+ 39.Rg2 Ke7 40.f5 gxf5 41.h5 Rxg2+ 42.Kxg2 Re4 43.g6 Bg8
44.Rh8 Kf8 45.h6 Rg4+ 46.Kf3 Rxg6 47.h7 Rg7 48.hxg8=Q+ Rxg8 49.Rh5 Ke7 50.Kf4 Rg4+
51.Kxf5 Rb4 52.Rh7+ Kd8 53.Ke6 Re4+ 54.Kd5 Re7 55.Rh8+ Kd7 56.Ra8 a5 57.Rh8 Re5+
58.Kc4 Kc6 59.Rh6 Re4+ 60.Kc3 Kc5 61.Rh8 Re3+ 62.Kc2 c6 63.Ra8 Kb4 64.Rb8+ Ka3
65.Rb6 d5 66.Rxc6 Rxb3 67.Rc5 d4 68.Rxa5 d3+  1/2-1/2

[Event "86th ch-ARG 2012"]
[Site "La Plata ARG"]
[Date "2012.07.08"]
[Round "6.8"]
[White "Pierrot,Fac"]
[Black "Lujan,C"]
[Result "1/2-1/2"]
[WhiteElo "2442"]
[BlackElo "2367"]

1.d4 f5 2.g3 Nf6 3.Bg2 g6 4.Nf3 Bg7 5.O-O O-O 6.c4 d6 7.Nc3 Qe8 8.d5 Na6
9.Nd4 Bd7 10.e4 fxe4 11.Nxe4 Nxe4 12.Bxe4 c6 13.Be3 Nc7 14.Qd2 e5 15.dxe6 Nxe6
16.Rfe1 Qf7 17.Rad1 Nc5 18.Bg2 Qxc4 19.b4 Na4 20.b5 Qc3 21.bxc6 bxc6 22.Qxc3 Nxc3
23.Rd3 Nxa2 24.Nxc6 Bxc6 25.Bxc6 Nb4 26.Bxa8 Nxd3 27.Bd5+ Kh8 28.Rd1 Nb2
29.Ra1 Nc4 30.Rxa7 Nxe3 31.fxe3 Be5 32.Kg2 Re8 33.h4 Bc3 34.e4 Rf8 35.g4 Be1
36.Kh3 Rf3+ 37.Kg2 Rf8 38.Kh3  1/2-1/2

[Event "86th ch-ARG 2012"]
[Site "La Plata ARG"]
[Date "2012.07.10"]
[Round "9.3"]
[White "Mareco,S"]
[Black "Mahia,G"]
[Result "1-0"]
[WhiteElo "2586"]
[BlackElo "2401"]

1.Nf3 f5 2.c4 Nf6 3.g3 g6 4.Bg2 Bg7 5.O-O O-O 6.d4 d6 7.Nc3 c6 8.Rb1 Ne4
9.Qb3 Nxc3 10.bxc3 Kh8 11.Rd1 Na6 12.c5 dxc5 13.Ne5 Bxe5 14.dxe5 Qb6 15.Qc2 Qc7
16.e6 Bxe6 17.Bf4 Qc8 18.c4 Kg8 19.Qc3 Nc7 20.Qe5 Ne8 21.Rxb7 Qxb7 22.Qxe6+ Rf7
23.Bxc6 Qb6 24.Be5 Nf6 25.Bxf6 exf6 26.Rd7 Rf8 27.Rb7 Qa6 28.Bd5 Qxe6 29.Bxe6 Kg7
30.Bxf7 Rxf7 31.Rb5 Rc7 32.Kg2 Kf7 33.Kf3 Ke6 34.Ra5 g5 35.Ke3 Ke5 36.f4+ gxf4+
37.gxf4+ Ke6 38.Kf3 Kf7 39.e4 fxe4+ 40.Kxe4 Kg6 41.Kd5 Kf5 42.Rxc5 Rg7 43.Ra5 Kxf4
44.c5 f5 45.c6 Ke3 46.Rc5 f4 47.c7 Rg8 48.c8=Q Rxc8 49.Rxc8 f3 50.Rc3+ Ke2
51.Ke4 f2 52.Rc2+ Ke1 53.Ke3 f1=N+ 54.Kd3 h5 55.Rc5 h4 56.Rh5 Nxh2 57.Rxh4 Nf3
58.Ra4  1-0

[Event "ch-MNE 2012"]
[Site "Cetinje MNE"]
[Date "2012.07.11"]
[Round "5.5"]
[White "Kosic,D"]
[Black "Blagojevic,Dr"]
[Result "1/2-1/2"]
[WhiteElo "2536"]
[BlackElo "2510"]

1.d4 f5 2.Nf3 g6 3.g3 Bg7 4.Bg2 Nf6 5.O-O O-O 6.c4 d6 7.Nc3 c6 8.d5 e5 9.dxe6 Bxe6
10.Bf4 Bxc4 11.Bxd6 Re8  1/2-1/2

[Event "III Maravilhosa Open 2012"]
[Site "Laranjeiras BRA"]
[Date "2012.07.15"]
[Round "5.7"]
[White "Valente,R"]
[Black "Rodi,L"]
[Result "0-1"]
[WhiteElo "2099"]
[BlackElo "2363"]

1.c4 f5 2.Nf3 Nf6 3.g3 g6 4.Bg2 Bg7 5.O-O O-O 6.d4 d6 7.Nc3 Nc6 8.Rb1 e5
9.dxe5 dxe5 10.Qxd8 Rxd8 11.Bg5 e4 12.Nd2 Be6 13.Rfd1 Rd7 14.b3 h6 15.Bxf6 Bxf6
16.Na4 Rad8 17.Nc5 Rxd2 18.Rxd2 Rxd2 19.Nxe6 Be5 20.e3 Kf7 21.Nc5 b6 22.Nb7 Rxa2
23.Rd1 Ra1 24.Rxa1 Bxa1 25.f3 exf3 26.Bxf3 Ne5 27.Bd5+ Ke7 28.Bg2 Bc3 29.e4 Nd3
30.exf5 gxf5 31.Kf1 Nc1 32.Bh3 Nxb3 33.Bxf5 Nd4  0-1

[Event "Turkish Bank Chess League 2012"]
[Site "Konya TUR"]
[Date "2012.07.16"]
[Round "7"]
[White "Ozmen,Mustafa Lutfi Poyraz"]
[Black "Sevgi,V"]
[Result "1-0"]
[WhiteElo "1692"]
[BlackElo "1974"]

1.d4 f5 2.Nf3 Nf6 3.g3 g6 4.Bg2 Bg7 5.O-O O-O 6.c4 d6 7.Nc3 Qe8 8.d5 c6 9.Rb1 Na6
10.b4 Bd7 11.dxc6 bxc6 12.a3 Nc7 13.Bb2 h6 14.Re1 Qf7 15.Nd4 d5 16.b5 e5
17.Nxc6 Bxc6 18.bxc6 dxc4 19.e4 fxe4 20.Qc2 e3 21.Rxe3 Rab8 22.Rd1 Rbd8 23.h3 Rxd1+
24.Qxd1 Rb8 25.Re2 Kh7 26.Rd2 e4 27.Ba1 e3 28.fxe3 Qe7 29.Ne4 Nfd5 30.Bxg7 Kxg7
31.Rxd5 Nxd5 32.Qxd5 Rd8 33.Qxc4 Kh7 34.Kh2 h5 35.h4 Rf8 36.Ng5+ Kh6 37.Qe6 Qg7
38.Qd6 Rf2 39.Qd5 Rc2 40.Qd4 Qf8 41.Qf4 Qxf4 42.gxf4 Kg7 43.Kg3 Kf6 44.Bd5 Ke7
45.Kf3 a5 46.a4 Rc5 47.Ke4 Rc3 48.Ne6 Kd6 49.Nd4 Rc1 50.Nb5+ Ke7 51.c7  1-0

[Event "ch-NED w 2012"]
[Site "Amsterdam NED"]
[Date "2012.07.17"]
[Round "3"]
[White "Middelveld,M"]
[Black "Lanchava,T"]
[Result "0-1"]
[WhiteElo "2134"]
[BlackElo "2336"]

1.d4 f5 2.c4 Nf6 3.Nf3 g6 4.g3 Bg7 5.Bg2 O-O 6.O-O d6 7.Nc3 Nc6 8.d5 Na5
9.Nd2 c5 10.Qc2 e5 11.e4 f4 12.a3 b6 13.b4 Nb7 14.Nf3 Nh5 15.Ne2 g5 16.Ne1 Nf6
17.Rb1 Bd7 18.Kh1 Qc8 19.gxf4 exf4 20.f3 Qe8 21.Nd3 Rc8 22.b5 Nd8 23.Bb2 Nf7
24.Rbe1 Ne5 25.Bxe5 dxe5 26.Ng1 h5 27.Qb2 Nh7 28.Nf2 g4 29.h3 g3 30.Nd3 Qe7
31.Ra1 Qh4 32.Rfb1 Ng5 33.Qe2 Rf6 34.Qf1 Re8 35.Ne1 Rg6 36.Ra2 Rf8 37.Rb3 Bf6
38.a4 Kh8 39.Rd3 Rfg8 40.Rdd2 Nf7 41.Nd3 Nh6 42.Rdb2 Ng4 43.Re2 a6 44.bxa6 Ra8
45.a5 b5 46.Nxc5 Nf2+ 47.Rxf2 gxf2 48.Qxf2 Qxf2 49.Rxf2 Be8 50.Ne6 Bd8 51.Bf1 Bxa5
52.cxb5 Bb6 53.Rg2 Rxg2 54.Kxg2 Bd7 55.Ng5 Kg7 56.Bd3 h4 57.Ne2 Kf6 58.Ne6 Rc8
59.Kf1 Be8 60.N6xf4 exf4 61.Nxf4 Bd7 62.Ne2 Bxh3+ 63.Ke1 Bg2 64.f4 Ke7 65.e5 Bxd5
66.f5 h3 67.Nf4 Bc4 68.f6+ Kf8 69.Be4 Re8 70.Ng6+ Kf7 71.Bc6 h2  0-1

[Event "23rd Czech Open A"]
[Site "Pardubice CZE"]
[Date "2012.07.26"]
[Round "7.49"]
[White "Kutynec,V"]
[Black "Turner,Ja"]
[Result "1-0"]
[WhiteElo "2262"]
[BlackElo "2395"]

1.Nf3 g6 2.c4 Bg7 3.d4 f5 4.g3 Nf6 5.Bg2 O-O 6.O-O d6 7.Nc3 e6 8.Re1 Ne4
9.Qc2 Nxc3 10.bxc3 Nc6 11.Ba3 Bd7 12.c5 d5 13.c4 Ne7 14.cxd5 exd5 15.Bc1 c6
16.Bf4 b5 17.a4 a5 18.axb5 cxb5 19.Bd6 b4 20.c6 Nxc6 21.Bxf8 Qxf8 22.Ne5 Nxe5
23.Bxd5+ Nf7 24.Bxa8 Qxa8 25.Qc7 Qd5 26.Rxa5 Qxd4 27.Raa1 Be6 28.Red1 Qxa1
29.Qb8+  1-0

[Event "16th HZ Open"]
[Site "Vlissingen NED"]
[Date "2012.08.04"]
[Round "1"]
[White "Hopman,P"]
[Black "Van de Groep,S"]
[Result "1-0"]
[WhiteElo "2310"]
[BlackElo "1849"]

1.d4 f5 2.g3 Nf6 3.Bg2 g6 4.c4 Bg7 5.Nf3 O-O 6.O-O d6 7.Nc3 Qe8 8.d5 a5 9.Rb1 Na6
10.a3 Bd7 11.b4 axb4 12.axb4 c6 13.Be3 h6 14.dxc6 bxc6 15.b5 cxb5 16.cxb5 Nc5
17.Nd4 Nfe4 18.Nxe4 fxe4 19.b6 Ba4 20.Qd2 Kh7 21.Nc2 Qc6 22.Nd4 Qb7 23.Rfc1 Bd7
24.Nb5 Qxb6 25.Bxc5 dxc5 26.Qxd7 c4 27.e3 Ra2 28.Nc3 Qxb1 29.Rxb1 Bxc3 30.Qxe7+ Kg8
31.Rb7 Rfxf2 32.Rb8+  1-0

[Event "Politiken Cup 2012"]
[Site "Helsingor DEN"]
[Date "2012.08.05"]
[Round "10.70"]
[White "Frisvold,O"]
[Black "Nilsson,P1"]
[Result "1-0"]
[WhiteElo "1960"]
[BlackElo "2078"]

1.d4 f5 2.Nf3 Nf6 3.g3 g6 4.Bg2 Bg7 5.O-O O-O 6.c4 d6 7.Nc3 Qe8 8.e4 fxe4
9.Ng5 Nc6 10.Nb5 Qd8 11.d5 a6 12.dxc6 axb5 13.Nxe4 Nxe4 14.Qd5+ e6 15.cxb7 exd5
16.bxa8=Q Nc5 17.Bxd5+ Kh8 18.cxb5 Qe7 19.Qa5 Be5 20.Be3 Bxb2 21.Rad1 Bg4
22.Qb4  1-0

[Event "Olomouc Summer Open"]
[Site "Olomouc CZE"]
[Date "2012.08.05"]
[Round "5.10"]
[White "Ageichenko,G"]
[Black "Soban,J"]
[Result "1/2-1/2"]
[WhiteElo "2329"]
[BlackElo "2150"]

1.d4 f5 2.Nf3 Nf6 3.g3 g6 4.Bg2 Bg7 5.O-O O-O 6.c4 d6 7.Nc3 c6 8.b3 Qa5 9.Bd2 Qc7
10.Qc2 e5 11.dxe5 dxe5 12.Rad1 Na6 13.Bc1 Qe7 14.e4 f4 15.gxf4 Nh5 16.fxe5 Bg4
17.Rd3 Nf4 18.Bxf4 Rxf4 19.Ne2 Nb4 20.Qd2 Rxe4 21.Rd4 Bxf3 22.Rxe4 Bxe4 23.Bxe4 Qxe5
24.Ng3 Na6 25.f4 Qd4+ 26.Qxd4 Bxd4+ 27.Kg2 Nc5 28.Bc2 Rf8 29.f5 Kg7 30.Rd1 Be5
31.b4 Na6 32.a3 Rf7 33.Rd3 Nb8 34.Re3 Bd4 35.Re4 Bb2 36.fxg6 hxg6 37.Rg4 Bxa3
38.Bxg6 Rf8 39.b5 Bc1 40.Bf5+ Kf6 41.h4 Ke5 42.Re4+ Kd6 43.Re1 Bb2 44.Re2 Bh8
45.Ne4+ Kc7 46.Bg4 Kb6 47.Nd6 cxb5 48.cxb5 a6 49.bxa6 bxa6 50.Re6 Kc5 51.Nb7+ Kb4
52.Rb6+ Kc3 53.Na5 Bd4 54.Rb3+ Kc2 55.h5 Bc3 56.Bd1+ Kxd1 57.Rxc3 Rf5 58.h6 Rg5+
59.Rg3 Rxa5 60.Rh3 Rg5+ 61.Rg3  1/2-1/2

[Event "Prva liga RS seniori 2012"]
[Site "Banja Vrucica SRB"]
[Date "2012.08.13"]
[Round "3"]
[White "Arsovic,G"]
[Black "Podinic,V"]
[Result "1-0"]
[WhiteElo "2425"]
[BlackElo "2437"]

1.d4 f5 2.g3 Nf6 3.Bg2 g6 4.Nf3 Bg7 5.O-O O-O 6.c4 d6 7.Nc3 Nc6 8.d5 Ne5
9.Nxe5 dxe5 10.c5 h6 11.Qb3 Kh8 12.Rd1 a6 13.Bd2 Qe8 14.Be1 g5 15.d6 exd6
16.cxd6 c6 17.Na4 Rf7 18.Nc5 f4 19.Rac1 Bg4 20.d7 Nxd7 21.Nxb7 Rb8 22.Bxc6 Bxe2
23.Rd2 Bg4 24.Nd6 Rxb3 25.Nxe8 Rb8 26.Nxg7 Kxg7 27.f3 Be6 28.Rd6 Kf6 29.Bd5 Nf8
30.Rcc6 Re7 31.Bc3 a5 32.Ra6 Rb5 33.a4 Rc5 34.Rxa5 Rxa5 35.Bxa5 Ra7 36.Bd8+ Kf7
37.a5 Bxd5 38.Rxd5 Nd7 39.Rb5 Ke6 40.Bb6 Rb7 41.Kf2 h5 42.gxf4 gxf4 43.Kg2 Rb8
44.Kf2 Kf5 45.Rb4 Ke6 46.Ke2 Kd5 47.Kd3 Rb7 48.Kc3 Rb8 49.Bf2 Ra8 50.Rb5+ Kc6
51.Kc4 Ra6 52.Rd5 Ra8 53.b4 Kc7 54.Bc5 Ra6 55.Kb5 Ra8 56.Bd6+  1-0

[Event "Miguel Najdorf Open A"]
[Site "Warsaw POL"]
[Date "2012.08.13"]
[Round "8.1"]
[White "Dragun,K"]
[Black "Piorun,K"]
[Result "1/2-1/2"]
[WhiteElo "2465"]
[BlackElo "2499"]

1.d4 f5 2.g3 Nf6 3.Bg2 g6 4.Nf3 Bg7 5.O-O O-O 6.c4 d6 7.Nc3 e6 8.b3 Nc6 9.Bb2 e5
10.d5 Nb8 11.Ng5 Qe7 12.Qd2 Na6 13.Ba3 h6 14.Nh3 g5 15.f4 gxf4 16.gxf4 e4
17.Nd1 Ng4 18.Bb2 Kh7 19.Kh1 Rg8 20.Bxg7 Qxg7 21.Qc3 Nb4 22.Qxg7+ Rxg7 23.Nhf2 Nxf2+
24.Rxf2 a5 25.a3 Na6 26.Bh3 Kg6 27.Rg2+ Kf6 28.Rxg7 Kxg7 29.Ne3 Kf6 30.Nc2  1/2-1/2

[Event "Prva liga RS seniori 2012"]
[Site "Banja Vrucica SRB"]
[Date "2012.08.15"]
[Round "5"]
[White "Nestorovic,De"]
[Black "Podinic,V"]
[Result "1-0"]
[WhiteElo "2440"]
[BlackElo "2437"]

1.d4 f5 2.c4 Nf6 3.Nf3 g6 4.g3 Bg7 5.Bg2 O-O 6.O-O d6 7.Nc3 Qe8 8.d5 c6 9.Nd4 e5
10.dxc6 Nxc6 11.Nxc6 bxc6 12.Qxd6 e4 13.Qa3 Ng4 14.Bf4 Be6 15.Rac1 Rf7 16.Na4 h6
17.Nc5 g5 18.Bd2 a5 19.Nxe6 Qxe6 20.Bc3 Bf8 21.Qa4 f4 22.c5 fxg3 23.hxg3 Qg6
24.Bh3 h5 25.Qd4 Bg7 26.Qd6 Qf5 27.Bxg7 Rxg7 28.f3  1-0

[Event "Husek Vienna Open A"]
[Site "Vienna AUT"]
[Date "2012.08.17"]
[Round "5"]
[White "Koller,Hans-Juergen"]
[Black "Leitner,G"]
[Result "1-0"]
[WhiteElo "2083"]
[BlackElo "2246"]

1.d4 f5 2.Nf3 Nf6 3.g3 g6 4.Bg2 Bg7 5.O-O O-O 6.c4 d6 7.Nc3 Qe8 8.Re1 Qf7
9.e4 fxe4 10.Ng5 Qxc4 11.Ngxe4 Nxe4 12.Rxe4 Qf7 13.Rf4 Qe8 14.Qb3+ e6 15.Bxb7 Bxb7
16.Qxb7 Qc6 17.Rxf8+ Kxf8 18.Qb3 d5 19.Be3 Qb6 20.Qa3+ Kf7 21.Na4 Qa6 22.Rc1 Nc6
23.Qc5 Ne7 24.b3 Rc8 25.Qc2 Nf5 26.Qd2 Qb5 27.Nc5 a5 28.f3 Qb4 29.Qxb4 axb4
30.Kf2 Bxd4 31.Bxd4 Nxd4 32.Na6 c5 33.Rxc5 Rxc5 34.Nxc5 e5 35.Nd3 Nc6 36.Ke3 Ke6
37.h3 Kf5 38.Nc5 h5 39.h4 g5 40.hxg5 Kxg5 41.Nd3 Kf5 42.Nf2 Kg5 43.Nd3 Kf6
44.Nf2 Kf5 45.Nd3 d4+ 46.Ke2 e4 47.fxe4+ Kxe4 48.Nf2+ Ke5 49.Nd3+ Kf5 50.Kf2 Kg4
51.Kg2 Ne7 52.Nxb4 Nf5 53.a4 Nxg3 54.a5 h4 55.a6 h3+ 56.Kg1 Ne4  1-0

[Event "21st Feffernitz Open"]
[Site "Feffernitz AUT"]
[Date "2012.08.23"]
[Round "6.19"]
[White "Poletti,F"]
[Black "Wiesinger,J"]
[Result "1/2-1/2"]
[WhiteElo "1950"]
[BlackElo "1839"]

1.c4 f5 2.Nf3 Nf6 3.g3 g6 4.Bg2 Bg7 5.d4 O-O 6.O-O d6 7.Nc3 c6 8.Rb1 Re8
9.d5 e5 10.dxe6 Bxe6 11.b3 h6 12.Bb2 d5 13.cxd5 Nxd5 14.Nxd5 Bxd5 15.Bxg7 Kxg7
16.Rb2 Qf6 17.Rd2 Na6 18.Qa1 Re7 19.Qxf6+ Kxf6 20.Rfd1 Rae8 21.e3 Nc7 22.Nd4 Rd7
23.Ne2 Red8 24.Nc3 Be6 25.Rxd7 Rxd7 26.Rxd7 Bxd7  1/2-1/2